Các nghiên cứu chuyên khảo về phần chung luật hình sự

Spremljeno u:
Bibliografski detalji
Glavni autor: Lê Cảm
Format: Knjiga
Jezik:Undetermined
Izdano: Hà Nội CAND 2002
Teme:
Oznake: Dodaj oznaku
Bez oznaka, Budi prvi tko označuje ovaj zapis!
Thư viện lưu trữ: Trung tâm Học liệu Trường Đại học Cần Thơ
LEADER 00548nam a2200193Ia 4500
001 CTU_49919
008 210402s9999 xx 000 0 und d
020 |b 12.500đ 
082 |a 364 
082 |b C104/T1 
100 |a Lê Cảm 
245 0 |a Các nghiên cứu chuyên khảo về phần chung luật hình sự 
245 0 |c Lê Cảm 
260 |a Hà Nội 
260 |b CAND 
260 |c 2002 
650 |a criminal law,criminology 
904 |i Minh, 001124 
980 |a Trung tâm Học liệu Trường Đại học Cần Thơ